Normal view
MARC view
- Supervisor: Dr. Adnan Aslam
Entry Personal Name
001 - CONTROL NUMBER
- control field: 125373
003 - CONTROL NUMBER IDENTIFIER
- control field: NUST
005 - DATE AND TIME OF LATEST TRANSACTION
- control field: 20240827103803.0
008 - FIXED-LENGTH DATA ELEMENTS
- fixed length control field: 240827|| aca||aabn | a|a d
040 ## - CATALOGING SOURCE
- Original cataloging agency: NUST
- Transcribing agency: NUST
100 ## - HEADING--PERSONAL NAME
- Personal name: Supervisor: Dr. Adnan Aslam
670 ## - SOURCE DATA FOUND
- Source citation: Work cat.: (NUST): Haider, Muhammad 21126, Predictive Attribute Learning: From 2D RGB Prediction to Temporal Dynamics/
